Metabolic living : (Record no. 144927)

MARC details
000 -LEADER
fixed length control field 00925nam a22002417a 4500
005 - DATE AND TIME OF LATEST TRANSACTION
control field 20190202113236.0
010 ## - LCCN (DPL NO)
LC control number 1718EN-30 ENG-122684 B687354-357
020 ## - INTERNATIONAL STANDARD BOOK NUMBER
International Standard Book Number 9788125062899
Terms of availability 995.00
035 ## - SYSTEM CONTROL NUMBER
System control number EN-106215
035 ## - SYSTEM CONTROL NUMBER
System control number EN-106216
035 ## - SYSTEM CONTROL NUMBER
System control number B-687354-357
037 ## - SOURCE OF ACQUISITION
Source of stock number/acquisition Uppal Pub.
Stock number dpl
037 ## - SOURCE OF ACQUISITION
Source of stock number/acquisition DBAD/PUB.
082 ## - DEWEY DECIMAL CLASSIFICATION NUMBER
Classification number 616.39800954
100 ## - MAIN ENTRY--PERSONAL NAME
Personal name Solomon, Harris
245 ## - TITLE STATEMENT
Title Metabolic living :
Statement of responsibility, etc by Harris Solomon
Remainder of title food, fat, and the absorption of illness in India /
260 ## - PUBLICATION, DISTRIBUTION, ETC. (IMPRINT)
Place of publication, distribution, etc New Delhi
Name of publisher, distributor, etc Orient Blackswan
Date of publication, distribution, etc 2016
270 ## - ADDRESS
Address 1/24, Asaf Ali Road,
City New Delhi
Postal code 110002
300 v# - PHYSICAL DESCRIPTION
Extent xii,292p.
Dimensions 23cm(Hb)
500 ## - GENERAL NOTE
General note Includes bibliographical references and index
942 ## - ADDED ENTRY ELEMENTS (KOHA)
Source of classification or shelving scheme Dewey Decimal Classification
Item type English Books
Call number suffix SOL
Classification part 616.39800954
Holdings
Withdrawn status Lost status Not for loan Collection code Home library Current library Date acquired Source of acquisition Cost, normal purchase price Full call number Barcode Copy number Cost, replacement price Koha item type
      Non-fiction Ashok Vihar Ashok Vihar 25/06/2018 Uppal 14846/04.12.2017/691/20.11.2017/10.01.2018 995.00 616.39800954 SOL B-687355 1 995.00 English Books
      Non-fiction Central Library Central Library 25/06/2018 Uppal 14846/04.12.2017/691/20.11.2017/10.01.2018 995.00 616.39800954 SOL B-687354 1 995.00 English Books
    Not For Loan Non-fiction D.B.Act.Division Patel Nagar 26/04/2018 DBAD/PUB 995.00 616.39800954 SOL EN-106216 1 995.00 English Books
      Non-fiction Patel Nagar Patel Nagar 25/06/2018 Uppal 14846/04.12.2017/691/20.11.2017/10.01.2018 995.00 616.39800954 SOL B-687356 1 995.00 English Books
      Non-fiction Sarojini Nagar Sarojini Nagar 25/06/2018 Uppal 14846/04.12.2017/691/20.11.2017/10.01.2018 995.00 616.39800954 SOL B-687357 1 995.00 English Books

© Delhi Public Library
Hit Counter
free hit counter